000 00472cam a2200145 4500
001 L129769
008 050518n 000 0 eng u
035 _a(Sirsi) u129769
041 _aeng
110 _aLandmark Information Group
_94113
245 _aLandmark Information Group
690 _aENVIRONMENTAL AND LAND CONSULTANCY-GEOMATICS
856 _uhttps://www.landmarkinfo.co.uk/corp/home.jsp
_zView the website free of charge at www.landmarkinfo.co.uk...
942 _n0
999 _c120452
_d120452